|
|
|
|
| LEADER |
00000nam a22000007a 4500 |
| 005 |
20200421151114.0 |
| 007 |
cr|||| |||| |
| 008 |
200421s2019 co |||||s|||| 00||0 spa d |
| 020 |
|
|
|a 978-958-760-156-5
|
| 035 |
|
|
|a 31337
|
| 040 |
|
|
|a vLex
|
| 090 |
|
|
|c 10306
|d 10306
|
| 100 |
1 |
|
|a Pardo Martn̕ez, Luz Patricia
|
| 245 |
1 |
0 |
|a Gestin̤ y cooperacin̤ de la pequeą y mediana empresa textil
|h [Recurso electrn̤ico] :
|b Estudio de caso en los cls︢teres regionales de Bogot ̀y Antioquia /
|c Luz Patricia Pardo Martn̕ez, Cšar Montoya Agudelo
|
| 256 |
|
|
|a Servicio en ln̕ea
|
| 260 |
|
|
|a Bogot:̀
|b Ediciones Universidad Cooperativa de Colombia,
|c 2019
|
| 300 |
|
|
|a 1 recurso electrn̤ico
|
| 500 |
|
|
|a Este libro es el resultado de la investigacin̤ multicampus “Gestin̤ y cooperacin̤ de la pequeą y mediana empresa textil en el cls︢ter regional Bogot ̀y Antioquia: Estudio de caso”, liderado por el grupo de investigacin̤ Arte Solidario, de la ciudad de Bogot,̀ y el Grupo de investigacin̤ en Gestin̤ de Organizaciones (GDO), de la ciudad de Medelln̕. El objetivo principal del proyecto fue “establecer la contribucin̤ que hace la gestin̤ y cooperacin̤ de la pequeą y mediana empresa textil; desde el eje articulador valor compartido, en el logro del desarrollo y beneficio social. En el cls︢ter regional: Bogot ̀y Antioquia (2015-2017)”.
|
| 506 |
1 |
|
|a Disponible solo en los productos indicados
|d vLex Global
|d vLex Global (Academic Edition, excluding Law Schools)
|d vLex Global (U.S. Academic Edition, Law Schools)
|d vLex Global (U.S. Academic Edition, excluding Law Schools)
|d vLex Global (Academic Edition, Law Schools)
|
| 650 |
0 |
4 |
|a Derecho Mercantil y de la Empresa
|z Colombia
|
| 650 |
0 |
4 |
|a Derecho Pb︢lico y Administrativo
|z Colombia
|
| 700 |
1 |
|
|a Agudelo, Cšar Montoya
|
| 740 |
0 |
|
|a vLex Libros (Servicio en ln̕ea)
|
| 856 |
4 |
0 |
|u http://vlex.com/source/gestion-y-cooperacion-de-la-peque-a-y-mediana-empresa-textil-estudio-de-caso-en-los-clusteres-regionales-de-bogota-y-antioquia-31337
|z Acceso restringido
|
| 942 |
|
|
|c BOOK
|
| 999 |
0 |
|
|a Commercial and Company Law
|
| 999 |
0 |
|
|a Public and Administrative Law
|